Peterson's college money handbook.

Bibliographic Details
New Title:College money handbook (Lawrenceville, N.J.)
Previous Title:Peterson's paying less for college
Uniform Title:Peterson's college money handbook (Princeton, N.J. : 1996)
Corporate Author: Peterson's (Firm)
Format: Software Serial
Language:English
Published: Princeton, N.J. : Peterson's, ©1996-©2000.
Subjects:
Online Availability: Check for online availability

MARC

Tag First Indicator Second Indicator Subfields
LEADER 00000cas a2200000 a 4500
001 in00002535521
005 20151113122831.0
007 cj uau||||||||
008 960725d19972001njuar f 0 a0eng d
010 |a  97660731   |z sn 96000643  
022 0 |a 1089-831X  |9 1098-831X  |2 1 
029 1 |a YDXCP  |b 1766821 
029 1 |a YDXCP  |b 1679166 
029 1 |a YDXCP  |b 1573545 
029 1 |a YDXCP  |b 1462550 
029 1 |a AU@  |b 000013352181 
035 |a (OCoLC)ocm35141572 
037 |b Peterson's, 202 Carnegie Center, P.O. Box 2123, Princeton, NJ 08543-2123  |c $26.95 
040 |a NSD  |c NSD  |d IUL  |d WAU  |d DLC  |d OCL  |d NYP  |d WAU  |d DLC  |d NSD  |d DLC  |d OCLCQ  |d EEM  |d UtOrBLW 
042 |a nsdp  |a lc 
043 |a n-us--- 
049 |a TXAM 
050 0 0 |a LB2337.2  |b .C65 
082 0 0 |a 378.3/0973  |2 20 
090 |a LB2337.4  |b .C66 
130 0 |a Peterson's college money handbook (Princeton, N.J. : 1996) 
210 0 |a Peterson's coll. money handb.  |b (1997) 
222 0 |a Peterson's college money handbook  |b (1997) 
245 1 0 |a Peterson's college money handbook. 
246 3 0 |a College money handbook 
264 1 |a Princeton, N.J. :  |b Peterson's,  |c ©1996-©2000. 
300 |a 5 volumes ;  |c 28 cm. +  |e computer disks 
310 |a Annual 
336 |a text  |b txt  |2 rdacontent 
337 |a computer  |b c  |2 rdamedia 
338 |a computer disc  |b cd  |2 rdacarrier 
362 0 |a 14th ed. (1997)-18th ed. (2001). 
500 |a Accompanied by a 3 1/2 in. computer disk with title: Peterson's financial aid planner. 
650 0 |a Student aid  |z United States  |v Handbooks, manuals, etc. 
650 0 |a College costs  |z United States  |v Handbooks, manuals, etc. 
710 2 |a Peterson's (Firm) 
740 0 2 |a Peterson's financial aid planner. 
780 0 0 |t Peterson's paying less for college  |x 1070-616X  |w (DLC) 95660690  |w (OCoLC)28443606 
785 0 0 |t College money handbook (Lawrenceville, N.J.)  |x 1541-1591  |w (DLC) 2001248434  |w (OCoLC)47663791 
850 |a DLC  |a InU  |a WaU 
994 |a C0  |b TXA 
949 |a updated  |b h  |c 2009/12/7  |e coplinger  |f 10:43:38 am 
999 |a MARS 
999 f f |s 9ee717f5-d135-3ba1-a011-b5b32eeb8224  |i da424f96-458c-3d3c-b0f4-88a5a74bef8a  |t 0 
952 f f |p ric  |a Texas A&M University  |b Rellis Campus  |c Joint Library Facility  |d Remote Storage  |t 0  |e LB2337.4 .C66  |h Library of Congress classification  |i computer -- computer disc  |k 16th ed.  |l 1999  |m A14823843301 
952 f f |p ric  |a Texas A&M University  |b Rellis Campus  |c Joint Library Facility  |d Remote Storage  |t 0  |e LB2337.4 .C66  |h Library of Congress classification  |i computer -- computer disc  |k 15th ed.  |l 1998  |m A14822049344 
952 f f |p ric  |a Texas A&M University  |b Rellis Campus  |c Joint Library Facility  |d Remote Storage  |t 0  |e LB2337.4 .C66  |h Library of Congress classification  |i computer -- computer disc  |k 18th ed.  |l 2001  |m A14827187333 
952 f f |p ric  |a Texas A&M University  |b Rellis Campus  |c Joint Library Facility  |d Remote Storage  |t 0  |e LB2337.4 .C66  |h Library of Congress classification  |i computer -- computer disc  |k 14th ed.  |l 1997  |m A14820442376 
998 f f |a LB2337.4 .C66  |s 14th-16th,18th ed. (1997-1999,2001)  |t 0  |l Remote Storage